000 00304nam a22001337a 4500
008 170607b xxu||||| |||| 00| 0 eng d
020 _a9780691057668
041 _aeng
080 _a327
100 _a18
101 _aSHP
245 _aA PASSION DEMOCRACY AMERICAN
_cBARBER.B.R
942 _2udc
_cBK
999 _c16206
_d16206